000
00219 a2200097 4500
001
3438
100
_a
Villard, H S
245
_a
Libya : the new arab kingdom of n africa
260
_a
_b
Cornell
_c
090
_c
2707
_d
2707
942
_a
NUST-CAE
_c
M
_c
18969
999
_c
238511
_d
238511